Normal view
MARC view
Entry Personal Name
001 - CONTROL NUMBER
- control field: 18641
003 - CONTROL NUMBER IDENTIFIER
- control field: dpl
005 - DATE AND TIME OF LATEST TRANSACTION
- control field: 20100906160406.0
008 - FIXED-LENGTH DATA ELEMENTS
- fixed length control field: 100906|||a|||||| | ||| d
040 ## - CATALOGING SOURCE
- Original cataloging agency: dpl
- Transcribing agency: dpl
100 ## - HEADING--PERSONAL NAME
- Personal name: Beethoven, Ludwig van,
- Dates associated with a name: 1770-1827.
- Title of a work: Symphony, no. 8, op. 93, F major. [from old catalog]
670 ## - SOURCE DATA FOUND
- Source citation: Work cat.: (dpl)44081: Beethoven, Ludwig van, 18638, Symphony no. 1, in C, op. 21.
670 ## - SOURCE DATA FOUND
- Source citation: Work cat.: (dpl)44081: Beethoven, Ludwig van, 18638, Symphony no. 1, in C, op. 21.
